000 01028nac a22003137a 4500
001 BR8404357
003 BR-BrBNA
005 20240105120144.0
008 230509b bl.|||m| |||| 00| 0 por d
040 _aBR-BrBNA
_bpor
_cBiblioteca Nacional de Agricultura
072 _aF01
090 _a0430 BR8404357
100 1 _aSilva, M.J. da
100 1 _aHolanda, A.F. de
100 1 _aJesus, F.M.M. de
100 1 _aCarvalho, O.S.
100 1 _aPimentel, C.R.M.
100 1 _aGuimaraes, P.M.
110 1 _aCentro Nacional de Pesquisa do Algodao, Campina Grande, PB (Brasil)
_91702
245 1 _aRecomendacoes para a cultura do algodoeiro herbaceo irrigado no nordeste brasileiro
260 3 _aCampina Grande, PB (Brasil):
_c1984.
300 _a15 p.
490 _aCircular Tecnica - Centro Nacional de Pesquisa do Algodao (Brazil)
_vno. 10
_x
650 _aALGODAO HERBACEO
650 _aPRATICA CULTURAL
650 _aREGIAO NORDESTE
909 _a202312
_bLúcia Elande
_c55
_dLúcia Elande
942 _2AGRIS
_n0
_cMS
999 _c278143
_d278143